Russia's Country Borders: from longest to shortest - Statistics

General Stats
  • This quiz has been taken 437 times
  • The average score is 12 of 14
Answer Stats
L Country % Correct
3,645 China
99%
6,846 Kazakhstan
99%
3,485 Mongolia
97%
1,576 Ukraine
95%
1,340 Finland
94%
959 Belarus
90%
723 Georgia
88%
294 Estonia
87%
217 Latvia
84%
227 Lithuania
84%
19 North Korea
83%
284 Azerbaijan
81%
206 Poland
80%
196 Norway
78%
No matching quizzes found
Score Distribution
Percent of People with Each Score
Percentile by Number Answered
Your Score History
You have not taken this quiz